చిత్రాలతో రాజమౌళి దర్శకించిన చలనచిత్రాలు - ఆకస్మిక మరణం - Statistics

General Stats
  • This quiz has been taken 3 times
  • The average score is 6 of 8
Answers on the Grid
Answers color-coded by a green-red scale on the quiz's grid according to % correct below.
 
Answer Stats
Answer % Correct
100%
100%
100%
67%
67%
67%
67%
33%
No matching quizzes found
Score Distribution
Percent of People with Each Score
Percentile by Number Answered
Your Score History
You have not taken this quiz